NÁVRH METODIKY HODNOTENIA EKOLOGICKÉHO STAVU TOKOV PODĽA FYTOBENTOSU

Podrobná bibliografia
Hlavný autor: Hlúbiková, Dáša (Autor)
Médium: Článok
Jazyk:slovenčina
ISBN:9788089062522

MARC

LEADER 00000naa a2200000uu 4500
001 vtls010962939
003 SK-MaSNL
005 20260302121330.0
008 210907|2007 xo |||||||||||||||||slo|
015 |a SNBRA 
035 |a (urnnbn)urn:nbn:sk:snk:ar-a0btce 
035 |a (uuid)28c2a367-c019-4f71-a43d-124964a3c2cc 
035 |a urn:nbn:sk:snk-aaukxr 
040 |a SNKBUCL  |b slo  |c SNKBUCL  |e AACR2 
041 0 |a slo 
044 |a xo  |c SK 
100 1 |a Hlúbiková, Dáša  |4 aut  |9 646759 
245 1 0 |a NÁVRH METODIKY HODNOTENIA EKOLOGICKÉHO STAVU TOKOV PODĽA FYTOBENTOSU  |c Dáša Hlúbiková 
773 0 |t Zborník hydrobiologického kurzu 2007  |d Bratislava : Výskumný ústav vodného hospodárstva, 2007  |g S. 73-84  |z 9788089062522 
958 |a OND 
958 |a article11 
958 |a chapter 
999 |c 1273621  |d 1275551